000 00553nam a2200193 i 4500
001 142910
003 ES-MaACL
007 t|
008 071010s1975 sp ||||1| spa d
100 1 _aVicente Córdoba, Carlos.
_9114353
245 1 0 _aFisiología de las sustancias liquínicas /
_cCarlos Vicente Córdoba.
250 _a[1ª ed.].
260 _a[Madrid] :
_bAlhambra,
_c[1975]
300 _aVIII, 162 p. :
_bil. ;
_c20 cm.
490 1 _aExedra
830 0 _aExedra
_9177436
852 _aES-MaACL
_jE-8750
_bR.93167
999 _c142910
_d142910